Spieler, die Luke Humphries bei der Darts WM besiegten - Statistiken

Allgemein
  • Dieses Quiz wurde 109 mal gespielt
    19 seit der letzten Aktualisierung
  • Das Durchschnittsergebnis liegt bei 7 aus 8
Antwortstatistiken
Jahr Runde Nationalität Spieler % Korrekt
2022 Viertelfinale Schottland Gary Anderson
100%
2026 Viertelfinale Niederlande Gian van Veen
100%
2021 1. Runde Singapur Paul Lim
100%
2020 Viertelfinale Schottland Peter Wright
93%
2025 Achtelfinale Schottland Peter Wright
93%
2018 Vorrunde Kanada Jeff Smith
86%
2019 Viertelfinale England Michael Smith
86%
2023 Achtelfinale England Stephen Bunting
57%
Keine übereinstimmenden Quizze gefunden
Verteilung der Resultate
Anzahl Personen mit jedem Resultat
Perzentil nach korrekt beantworteten Fragen
Ihre Resultats-Entwicklung
Sie haben dieses Quiz seit der letzten Aktualisierung nicht gespielt